00597nam a2200205Ia 450000500170000000800410001702000150005808200210007324500500009426000420014430000130018665000130019965000110021265000150022365000140023870000210025294200060027395200970027999900150037620250120060320.0240331s9999 xx 000 0 und d a955910232X bDEA24380a305.4 0aCat's Eye:bA Feminist Gaze on Current Issues aColombobCat's Eye Publicationsc2000 aiii, 361 aFeminist aSocial aCultural  aPolitical aDe Alwis, Meedt cL 001040708LaWERCLbWERCLcSSCd2024-03-31l0o 305.4 CATp4380r2024-03-31w2024-03-31yL c1629d1629